Normal view
MARC view
Entry Personal Name
001 - CONTROL NUMBER
- control field: 773580
003 - CONTROL NUMBER IDENTIFIER
- control field: OSt
005 - DATE AND TIME OF LATEST TRANSACTION
- control field: 20250508162616.0
008 - FIXED-LENGTH DATA ELEMENTS
- fixed length control field: 250508|| aca||aabn | a|a d
040 ## - CATALOGING SOURCE
- Original cataloging agency: OSt
- Transcribing agency: OSt
100 ## - HEADING--PERSONAL NAME
- Personal name: Ogilvie Marilyn Bailey
670 ## - SOURCE DATA FOUND
- Source citation: Work cat.: (OSt)1377617: Ogilvie Marilyn Bailey, Women in science: Antiquity through the nineteenth century: A biographical dictionary with annotated bibliography, 1986
